Who's who in music and musicians' international directory.

Bibliographic Details
New Title:International who's who in music and musicians' directory
Format: Serial
Language:English
Published: New York : Hafner Pub. Co. [etc.]
Subjects:
Online Availability: Check for online availability

MARC

Tag First Indicator Second Indicator Subfields
LEADER 00000cas a2200000 4500
001 in00000143913
005 20151005060125.0
008 751012d19351972nyuuu hr 0uuua0eng d
022 |a 0083-9647 
035 |a (OCoLC)01696140 
035 |9 AAR3658AM 
040 |a DLC  |c MUL  |d COO  |d IUL  |d TXA  |d UtOrBLW 
049 |a TXAE 
050 0 0 |a ML106.G7  |b W44 
082 0 |a 927.8 
245 0 0 |a Who's who in music and musicians' international directory. 
264 1 |a New York :  |b Hafner Pub. Co. [etc.] 
300 |a 6 volumes 
336 |a text  |b txt  |2 rdacontent 
337 |a unmediated  |b n  |2 rdamedia 
338 |a volume  |b nc  |2 rdacarrier 
362 0 |a 1st-6th, 1935-1972. 
650 0 |a Music  |v Bio-bibliography. 
785 0 0 |t International who's who in music and musicians' directory 
999 |a MARS 
999 f f |s 8f908b4d-20c1-3716-8e52-2aa84f4e4c8c  |i 0c2e9da6-9056-3023-a7d3-97f844f2b89a  |t 0 
952 f f |p storage  |a Texas A&M University  |b J.J. Pickle Campus  |c High Density Repository  |d Remote Storage  |t 0  |e ML106.G7 W44  |h Library of Congress classification  |i unmediated -- volume  |k 6th ed.  |l 1972  |m A14841937205 
952 f f |p storage  |a Texas A&M University  |b J.J. Pickle Campus  |c High Density Repository  |d Remote Storage  |t 0  |e ML106.G7 W44  |h Library of Congress classification  |i unmediated -- volume  |k 5th ed.  |l 1969  |m A14841937213 
952 f f |p storage  |a Texas A&M University  |b J.J. Pickle Campus  |c High Density Repository  |d Remote Storage  |t 0  |e ML106.G7 W44  |h Library of Congress classification  |i unmediated -- volume  |k 4th ed.  |l 1962  |m A14841937221 
998 f f |a ML106.G7 W44  |s 4th ed.-6th ed. (1962-1972)  |t 0  |l Remote Storage